000
00187nam a2200085 4500
001
1253829
005
20251103113808.0
245
_a
DENİZE DÖNÜŞ
_c
ARZU TÜLÜMEN
260
_b
DOĞAN EGMONT
999
_c
1253829
_d
1253829